header

Contracting for better places (Record no. 216427)

MARC details
000 -LEADER
fixed length control field 01255nam a2200301Ia 4500
100 1# - MAIN ENTRY--AUTHOR NAME
Personal name Veen, Menno van der,
245 10 - TITLE STATEMENT
Title Contracting for better places
260 ## - PUBLICATION, DISTRIBUTION, ETC. (IMPRINT)
Place of publication Amsterdam :
Name of publisher IOS Press ;
Place of publication Delft :
Name of publisher Delft University of Technology,
Year of publication c2009.
300 ## - PHYSICAL DESCRIPTION
Number of Pages 376 p. :
Other physical details ill.
650 #0 - SUBJECT ADDED ENTRY--TOPICAL TERM
Topical Term City planning.
Topical Term Urban renewal.
856 40 - ELECTRONIC LOCATION AND ACCESS
Uniform Resource Identifier http://site.ebrary.com/lib/rucke/Doc?id=10363640

No items available.

© 2026 Rongo University
Contact us: librarian | system librarian | Rongo university